|
|
|
|
| LEADER |
00000nab a2200000 a 4500 |
| 001 |
vtls000341394 |
| 003 |
SK-MaSNL |
| 005 |
20260303211801.0 |
| 008 |
160201c1987 xo 0 cze |
| 015 |
|
|
|a SNBRA19rr/mm-uuuuu
|
| 035 |
|
|
|a CL0341516
|
| 040 |
|
|
|a SNKBUCL
|b slo
|c SNKBUCL
|e AACR2
|
| 041 |
0 |
|
|a cze
|
| 044 |
|
|
|a xo
|c SK
|
| 080 |
|
|
|a 677.072.017
|2 1981
|
| 080 |
|
|
|a 517.5
|2 1981
|
| 100 |
1 |
|
|a Militký, Jiří
|4 aut
|9 280519
|
| 245 |
1 |
0 |
|a Analýza kvadratické nestejnoměrnosti
|c Jiří Militký ; Militký,Jiří
|
| 300 |
|
|
|b Obr. 3. Tb. 3.
|
| 650 |
0 |
7 |
|a priadze
|2 snkbucl
|9 123974
|
| 650 |
0 |
7 |
|a nerovnomernosť kvadratická
|2 snkbucl
|9 1243942
|
| 655 |
|
7 |
|a články zo zborníkov
|2 snkbucl
|9 166140
|
| 700 |
1 |
|
|a Militký, Jiří
|4 aut
|9 280519
|
| 773 |
0 |
|
|t Praktické postupy spracovania údajov o hmotnej nerovnomernosti v pradiarňach
|d Žilina : Dom techniky ČSVTS, 1987
|g S. 30-52
|
| 850 |
|
|
|a Slovenská národná knižnica v Martine
|a MTA001
|
| 852 |
|
|
|a SNK
|b KIS3GCP
|
| 958 |
|
|
|a RK
|
| 958 |
|
|
|a CZ
|
| 992 |
|
|
|a RZB
|
| 999 |
|
|
|c 2204113
|d 2206043
|